000 01726nam a2200229Ia 4500
003 Ost
005 20260507075101.0
008 260507s9999||||xx |||||||||||||| ||und||
020 _a9774220840
040 _cfsecg
041 _aara
082 _a658.834
100 _eمؤلف
245 0 _aأمن المستهلك الإلكتروني /
260 _aالإسكندرية:
_bالدار الجامعية,
_c2008
300 _a217 صفحة؛
_c25 سم
504 _aبيبليوغرافيا : ص.195
520 _aأمن المستهلك الإلكتروني،مفهوم المستهلك الإلكتروني ووسائل حمايته،مفهوم المستهلك الالكتروني،المفهوم العام لحماية المستهلك الإلكتروني،أمن المستهلك في مرحلة إبرام عقد الإستهلاك،حماية رضاء المستهلك في مرحلة إبرام عقد الإستهلاك،الإلتزام قبل التعاقد بإعلام المستهلك الالكتروني،حماية المستهلك في مواجهة الاعلانات الإلكترونية،أمن المستهلك في مرحلة تنفيذ العقد،الالتزامات المتبادلة بين طرفي عقد الاستهلاك الالكتروني،حماية المستهلك في مواجهة العيوب الخفية،دور الهيئات في حماية أمن المستهلك الالكتروني،جهاز حماية المستهلك
653 _aالمستهلكون
653 _aحماية المستهلك
942 _cكتاب
999 _c42793
_d42793